| 000 | 00560nam a2200205Ia 4500 | ||
|---|---|---|---|
| 005 | 20250923145003.0 | ||
| 008 | 008 250917s9999 xx 000 0 eng d | ||
| 037 | _aTextual | ||
| 040 |
_aDSWL _beng _cDSWL |
||
| 041 |
_aeng _2eng |
||
| 084 |
_aX:275, K4 _qDSWL |
||
| 100 |
_aMehta, J.K. _9830589 |
||
| 245 | 0 |
_aEconomic of growth _cby J.K. Mehta |
|
| 260 |
_aNew Delhi _b Asia Publiing House _c1964 |
||
| 300 | _aX,190 p. | ||
| 365 |
_aINR _b17.50 |
||
| 925 | _g17.50 | ||
| 942 |
_cTEXL _hX:275, K4 |
||
| 999 |
_c1445715 _d1445715 |
||